LEADER 01715nam 2200385 n 450 001 996385120603316 005 20200824120523.0 035 $a(CKB)4940000000068957 035 $a(EEBO)2240888884 035 $a(UnM)ocm99883744e 035 $a(UnM)99883744 035 $a(EXLCZ)994940000000068957 100 $a19940817d1659 uy 101 0 $aeng 135 $aurbn||||a|bb| 200 10$aTo the Right Honourable, the Lord Mayor, aldermen, and commons of the City of London in common council assembled;$b[electronic resource]$ethe humble petition and address of the sea-men, and water-men in and about the said City of London, 210 $a[London $cs.n.$d1659] 215 $a1 sheet ([1] p.) 300 $aAttributed to William Prynne by Wing. 300 $aPlace and date of publication suggested by Wing. 300 $aIn this edition the title is composed in five lines and the second line of text ends: "Piety,". In another edition, the title is composed in seven lines and the second line of text ends: "and". 300 $aAnnotation on Thomason copy: "xber [i.e. December]"; "xber. 12.". 300 $aReproduction of original in the British Library. 330 $aeebo-0018 607 $aGreat Britain$xHistory$yCommonwealth and Protectorate, 1649-1660$vEarly works to 1800 608 $aBroadsides$zEngland$y17th century.$2rbgenr 700 $aPrynne$b William$f1600-1669.$0198500 801 0$bCu-RivES 801 1$bCu-RivES 801 2$bCStRLIN 801 2$bCu-RivES 906 $aBOOK 912 $a996385120603316 996 $aTo the Right Honourable, the Lord Mayor, aldermen, and commons of the City of London in common council assembled$92337727 997 $aUNISA